| 000 | 00534nam a2200181Ia 4500 | ||
|---|---|---|---|
| 999 |
_c29287 _d29287 |
||
| 003 | OSt | ||
| 005 | 20201231142859.0 | ||
| 008 | 190216s9999||||xx |||||||||||||| ||und|| | ||
| 020 | _a9788171301294 | ||
| 040 | _coclc | ||
| 082 |
_a894.8125 _bBAS/C |
||
| 100 |
_aBasheer, Vaikom Muhammad _97034 |
||
| 245 | 0 |
_aCheviyorkkuka Anthimakahalam / _cVaikom Muhammad Basheer |
|
| 260 |
_bDc Books, _aKottayam: _c2009. |
||
| 300 | _a50p | ||
| 650 | _aSambashanam | ||
| 942 |
_cBK _2ddc _h894.8125 _iBAS/C _k894.8125 _mBAS/C |
||